00867cam a22002773a 450000100060000000300060000600500170001200800410002904000150007004200070008505000070009205000070009910000380010624500750014426000290021950600300024851600200027865300230029865300360032165300500035765300310040765300510043870000290048983000290051885600420054724430PGUSA20140828083524.0080126s2008||||xxu|||||s|||||000 1 eng d aPGUSAbeng adc 4aPS 4aPZ1 aHarris, Joel Chandler,d1848-190810aNights With Uncle Remush[electronic resource] /cJoel Chandler Harris bProject Gutenberg,c2008 aPublic domain in the USA. aElectronic text aAnimals -- Fiction aAfrican American men -- Fiction aGeorgia -- Social life and customs -- Fiction aPlantation life -- Fiction aRemus, Uncle (Fictitious character) -- Fiction1 aWinter, Milo,d1888-1956 0aProject Gutenbergv2443040uhttp://www.gutenberg.org/ebooks/24430